[Event "Reykjavik"]
[Site "Reykjavik"]
[Date "1992.??.??"]
[Round "7"]
[White "Shirov, Alexei"]
[Black "Arnason, Jon L"]
[Result "0-1"]
[WhiteElo "2655"]
[BlackElo "2515"]

1.d4 Nf6 2.c4 e6 3.Nc3 Bb4 4.f3 d5 5.a3 Bxc3+ 6.bxc3 c5 7.cxd5 Nxd5 8.Qd3 b6
9.dxc5 bxc5 10.e4 Ba6 11.Qd2 Bxf1 12.Kxf1 Nb6 13.Qxd8+ Kxd8 14.Ne2 N8d7 15.a4 Rb8
16.Ng3 Nc4 17.Ke2 Ke7 18.a5 Rb3 19.Kd3 Nde5+ 20.Kc2 Rb5 21.f4 Ng4 22.Re1 Rd8
23.Ra4 Nxa5 24.e5 Nc6 25.Ne4 f5 26.Nxc5 Nxh2 27.Rh1 Ng4 28.Rxh7 Kf7 29.Nxe6 Kxe6
30.Rxg7 Rb6 31.Rc4 Kd5 32.Ra4 Ke6 33.Rc4 Kd5 34.Ra4 a6 35.Rg6 Kc5 36.Rg5 Kb5
37.Ra1 Ne7 38.Rg7 Nd5 39.Rb1+ Kc5 40.Ba3+ Kc4 41.Rxb6 Nxb6 42.Rc7+ Kd5 43.Bc5 Na8  0-1

[Event "EU-ch U20"]
[Site "Sas van Gent"]
[Date "1992.??.??"]
[Round "6"]
[White "Ceteras, Marius"]
[Black "Aleksandrov, Aleksej"]
[Result "0-1"]
[WhiteElo "2320"]
[BlackElo "2505"]

1.d4 Nf6 2.c4 e6 3.Nc3 Bb4 4.f3 c5 5.d5 b5 6.e4 bxc4 7.Bxc4 Nxd5 8.Bxd5 exd5
9.Qxd5 Nc6 10.Ne2 Ba6 11.Be3 O-O 12.Rd1 Re8 13.Kf2 Ne5 14.Nf4 Rb8 15.a3 Ba5
16.Rb1 d6 17.Qd2 Rb3 18.Qc2 Qb8 19.Rhd1 Nc4 20.Nfd5 Qb7 21.Bg5 Rb8 22.Kg3 f6
23.Bf4 Qf7 24.Na4 Qg6+ 25.Kf2 Qe8 26.Nxc5 Rxb2  0-1

[Event "Sitges op"]
[Site "Sitges"]
[Date "1992.??.??"]
[Round "4"]
[White "Marin, Mihail"]
[Black "Spassov, Liuben"]
[Result "1/2-1/2"]
[WhiteElo "2525"]
[BlackElo "2405"]

1.d4 Nf6 2.c4 e6 3.Nc3 Bb4 4.f3 d5 5.a3 Bd6 6.c5 Be7 7.b4 O-O 8.Bg5 b6 9.e3 a5
10.Bd3 c6 11.Na4 Nbd7 12.Ne2 Ba6 13.O-O  1/2-1/2

[Event "SLO-ch"]
[Site "?"]
[Date "1992.??.??"]
[Round "?"]
[White "Osterman, Rudolf"]
[Black "Gostisa, Leon"]
[Result "1/2-1/2"]
[WhiteElo "2370"]
[BlackElo "2410"]

1.d4 Nf6 2.c4 e6 3.Nc3 Bb4 4.f3 c5 5.d5 d6 6.e4 O-O 7.Ne2 exd5 8.cxd5 b5
9.Bg5 Re8 10.Qc2 Nbd7 11.O-O-O Rb8 12.Ng3 Qa5 13.Nf5 c4 14.Kb1 Re5 15.Bd2 Rxf5
16.exf5 Nc5 17.g4 Ba6 18.g5 Nfd7 19.f4 Bxc3 20.bxc3 Nd3 21.Bxd3 cxd3 22.Qb3 Qc7
23.Rhe1 Nc5 24.Qb4  1/2-1/2

[Event "SLO-chT"]
[Site "SLO"]
[Date "1992.??.??"]
[Round "?"]
[White "Osterman, Rudolf"]
[Black "Zeleznik, Alojz"]
[Result "0-1"]
[WhiteElo "2370"]
[BlackElo "2280"]

1.d4 e6 2.c4 Nf6 3.Nc3 Bb4 4.f3 Bxc3+ 5.bxc3 b6 6.e4 Nc6 7.Bd3 Ba6 8.Ba3 Na5
9.Qe2 d6 10.Nh3 Qd7 11.O-O Qc6 12.c5 Bxd3 13.Qxd3 dxc5 14.dxc5 b5 15.Bb4 Nc4
16.a4 a6 17.axb5 axb5 18.Rxa8+ Qxa8 19.c6 Qxc6 20.Nf2 Nd7 21.f4 f6 22.e5 f5
23.Qh3 Qb7 24.Qg3 Kf7 25.Be7 Re8 26.Bh4 Ndb6 27.Qg5 Qc6 28.Re1 Nd5 29.Nd1 Nd2
30.Kh1 Ne4 31.Qh5+ Kg8 32.Qf3 Nexc3 33.Nb2 Ne4 34.Nd3 Ra8 35.Rc1 Qb6 36.h3 Ra3
37.Qe2 h6 38.Kh2 Qd4 39.Ne1 Nec3 40.Qb2 Ra2  0-1

[Event "St Petersburg"]
[Site "St Petersburg"]
[Date "1992.??.??"]
[Round "?"]
[White "Sakaev, Konstantin"]
[Black "Kuzmin, Gennadi P"]
[Result "1/2-1/2"]
[WhiteElo "2500"]
[BlackElo "2530"]

1.d4 Nf6 2.c4 e6 3.Nc3 Bb4 4.f3 d5 5.a3 Bxc3+ 6.bxc3 Nbd7 7.cxd5 exd5 8.e3 Nh5
9.Nh3 Nb6 10.Nf2 O-O 11.e4 f5 12.exf5 Qe8+ 13.Be2 Na4 14.Qb3 Rxf5 15.Ra2 Nf4
16.Bxf4 Rxf4 17.O-O Nb6 18.Bd3 Bf5  1/2-1/2

[Event "Tel Aviv-B"]
[Site "Tel Aviv"]
[Date "1992.??.??"]
[Round "6"]
[White "Pein, Malcolm"]
[Black "Kosashvili, Yona"]
[Result "0-1"]
[WhiteElo "2450"]
[BlackElo "2460"]

1.d4 Nf6 2.c4 e6 3.Nc3 Bb4 4.f3 d5 5.a3 Bxc3+ 6.bxc3 c5 7.cxd5 Nxd5 8.Qd2 f5
9.e3 O-O 10.Nh3 Nc6 11.Bc4 Qh4+ 12.Nf2 cxd4 13.cxd4 f4 14.exf4 Qxf4 15.Bxd5 Qxd2+
16.Bxd2 exd5 17.Bc3 Bf5 18.Kd2 b5 19.Nd1 a5 20.Ne3 Be6 21.Rhc1 Rf4 22.Kd3 Bf7
23.Ng4 Re8 24.Ne5 Nxe5+ 25.dxe5 d4 26.Bxa5 Bc4+ 27.Kd2 Rxe5 28.Re1 Rg5 29.Rg1 h5
30.Rae1 h4 31.Bc7 Rf8 32.Bd6 Ra8 33.Be7 Rf5 34.Re4 h3 35.gxh3 Re8 36.Bh4 Rxe4
37.fxe4 Rf3 38.Bg3 Rxa3 39.Be5 Ra2+ 40.Ke1 Re2+ 41.Kd1 Rxe4 42.Rxg7+ Kf8
43.Bf6 Rf4 44.Be5 Rf1+ 45.Kd2 Rf2+ 46.Kc1 d3 47.Rd7 Ke8 48.Rd4 Rc2+ 49.Kd1 b4
50.Bd6 b3 51.Ba3 Bb5 52.Rd5 Ba4 53.Ke1 Re2+ 54.Kf1 b2  0-1

[Event "Toronto op3"]
[Site "Toronto"]
[Date "1992.??.??"]
[Round "2"]
[White "Livshits, Ron"]
[Black "Taylor, Gordon"]
[Result "1-0"]
[WhiteElo "2310"]
[BlackElo "2340"]

1.d4 Nf6 2.c4 e6 3.Nc3 Bb4 4.f3 d5 5.a3 Bxc3+ 6.bxc3 O-O 7.cxd5 exd5 8.e3 Bf5
9.Bd3 Bxd3 10.Qxd3 c5 11.Ne2 Re8 12.O-O cxd4 13.cxd4 Nc6 14.Ng3 Rc8 15.Kh1 Nd7
16.Bd2 Nb6 17.Rad1 a6 18.e4 Na4 19.Bc1 Na5 20.e5 Qd7 21.f4 Rc3 22.Qe2 f5
23.Nh5 Qf7 24.g4 Rh3 25.Ng3 Nc3 26.Qe1 Qc7 27.Kg2 fxg4 28.Rd3 Ne4 29.Qd1 Qc4
30.Qxg4 Rxg3+ 31.Rxg3 Nxg3 32.hxg3 Qxd4 33.Qd7 Qe4+ 34.Kg1 Qd4+ 35.Kg2 Qe4+
36.Kh2 Qc2+ 37.Kg1 Qc6 38.Qg4 Qe6 39.f5 Qf7 40.e6 Qf6 41.Bg5 Qe5 42.f6 Rxe6
43.f7+ Kf8 44.Be7+ Kxe7 45.f8=Q+ Kd7 46.Qf7+ Kd6 47.Qb4+  1-0

[Event "Zalaegerszeg op"]
[Site "Zalaegerszeg"]
[Date "1992.??.??"]
[Round "?"]
[White "Vegh, Endre"]
[Black "Bardossi, Jeno"]
[Result "1-0"]
[WhiteElo "2405"]
[BlackElo "2265"]

1.d4 Nf6 2.c4 e6 3.Nc3 Bb4 4.f3 c5 5.d5 Nh5 6.Nh3 f5 7.Bg5 Nf6 8.Qc2 O-O
9.O-O-O Qa5 10.Na4 b5 11.cxb5 Nxd5 12.a3 f4 13.Rxd5 exd5 14.axb4 cxb4 15.Be7 Re8
16.Ng5 g6 17.Bd6 Bb7 18.Kb1 Rc8 19.Qb3 Qxb5 20.e4 Qc6 21.Nc5 Qxd6 22.Nxb7 Qc7
23.Qxd5+ Kh8 24.Bd3 Nc6 25.Qf7  1-0

[Event "Zalakaros op"]
[Site "Zalakaros"]
[Date "1992.??.??"]
[Round "5"]
[White "Monin, Nikolay"]
[Black "Sjoberg, Mats"]
[Result "1/2-1/2"]
[WhiteElo "2405"]
[BlackElo "2380"]

1.d4 Nf6 2.c4 e6 3.Nc3 Bb4 4.f3 c5 5.d5 b5 6.e4 O-O 7.Bd2 bxc4 8.Bxc4 Bb7
9.Nge2 Bxc3 10.Bxc3 Nxd5 11.Bxd5 exd5 12.exd5 d6 13.Qd2  1/2-1/2

[Event "Alushta"]
[Site "Alushta"]
[Date "1993.??.??"]
[Round "?"]
[White "Moskalenko, Viktor"]
[Black "Timoshenko, Georgy"]
[Result "1/2-1/2"]
[WhiteElo "2555"]
[BlackElo "2515"]

1.d4 Nf6 2.c4 e6 3.Nc3 Bb4 4.f3 O-O 5.a3 Bxc3+ 6.bxc3 Ne8 7.e4 b6 8.Bd3 Ba6
9.f4 Nc6 10.Nf3 Na5 11.Qe2 f5 12.e5 d5 13.exd6 Nxd6 14.O-O Qe7 15.Ne5 Bb7
16.a4 Ne4 17.Ba3 c5 18.dxc5 Nxc5 19.Qe3 Rac8 20.Be2 Rfd8 21.Rad1 Qc7 22.Bxc5 Qxc5
23.Qxc5 bxc5 24.Rxd8+ Rxd8 25.Rb1 Ba6 26.Kf2 Kf8 27.Ke3 Ke7 28.h4 Rd6  1/2-1/2

[Event "Andorra op"]
[Site "Andorra"]
[Date "1993.??.??"]
[Round "5"]
[White "Moskalenko, Viktor"]
[Black "Roeder, Mathias"]
[Result "1/2-1/2"]
[WhiteElo "2555"]
[BlackElo "2425"]

1.d4 Nf6 2.c4 e6 3.Nc3 Bb4 4.f3 d5 5.a3 Bxc3+ 6.bxc3 c5 7.cxd5 Nxd5 8.dxc5 Qa5
9.e4 Nf6 10.Be3 Nfd7 11.Qb3 O-O 12.a4 Qc7 13.Qa3 b6 14.cxb6 axb6 15.Ne2 Ba6
16.Kf2 Nc6 17.Nd4 Bxf1 18.Rhxf1 Nce5 19.Nb5 Qc6 20.Rfd1 Nc4 21.Qe7 Rad8 22.Rd4 e5
23.Rxc4 Qxc4 24.Rd1 Qe6 25.Qxe6 fxe6 26.Rd6 Nc5 27.Rxb6 Nxa4 28.Rxe6 Rfe8
29.Ra6 Nb2 30.Ke2 Nc4  1/2-1/2

[Event "Azov"]
[Site "Azov"]
[Date "1993.??.??"]
[Round "?"]
[White "Psaras, Stilianos"]
[Black "Obukhov, Alexander"]
[Result "0-1"]
[WhiteElo "2210"]
[BlackElo "2490"]

1.d4 Nf6 2.c4 e6 3.Nc3 Bb4 4.f3 d5 5.a3 Bxc3+ 6.bxc3 c5 7.cxd5 exd5 8.e3 O-O
9.Bd3 b6 10.Ne2 Ba6 11.O-O Bxd3 12.Qxd3 Nc6 13.e4 dxe4 14.fxe4 Ne5 15.Qh3 cxd4
16.cxd4 Nc6 17.d5 Ne5 18.Bg5 Qd7 19.Bxf6 Qxh3 20.gxh3 gxf6 21.Rxf6 Rac8 22.Rf5 Rc2
23.Nd4 Rc4 24.Rd1 Re8 25.Nb5 Rc2 26.Rg5+ Kf8 27.Nd4 Rc4 28.Rf5 Nd7 29.Rf4 Re5
30.Ne6+ Ke7 31.Nd4 Kf8 32.d6 Ke8 33.Rh4 h5 34.Nf3 Rcxe4 35.Rc1 Nc5 36.Nxe5 Rxh4
37.Rd1 Nd7 38.Nf3 Rf4 39.Rc1 Kd8 40.Ng5 Rf6 41.Rc7 Rg6 42.h4 f6 43.Rxa7 Nc5
44.a4 fxg5 45.a5 gxh4+ 46.Kf1 bxa5 47.Rxa5 Rg5 48.Ra7 Ne4 49.Ra4 Rg4 50.Ra5 Ng5
51.Kf2 Kd7 52.Rd5 h3 53.Ke3 h4 54.Rf5 Kxd6 55.Rf4 Rg3+ 56.Kf2 Rg2+ 57.Kf1 Rxh2
58.Rxh4 Ke5 59.Rh8 Kf4 60.Rf8+ Kg3 61.Rg8 Rf2+ 62.Ke1  0-1

[Event "Balatonbereny op"]
[Site "Balatonbereny"]
[Date "1993.??.??"]
[Round "4"]
[White "Varga, Peter"]
[Black "Holzmann, Herbert"]
[Result "1-0"]
[WhiteElo "2320"]
[BlackElo "2235"]

1.d4 Nf6 2.c4 e6 3.Nc3 Bb4 4.f3 Nc6 5.e4 d5 6.cxd5 exd5 7.e5 Ng8 8.a3 Ba5
9.f4 Nge7 10.Be3 O-O 11.Bb5 f6 12.Qd2 fxe5 13.fxe5 Nf5 14.Bf2 Bxc3 15.bxc3 Na5
16.Ra2 Nh4 17.Be3 c6 18.Bg5 Qb6 19.Bd3 Nc4 20.Qe2 Ng6 21.Qc2 Be6 22.Nf3 Rf7
23.Bc1 Raf8 24.Ng5 Nf4 25.Bxf4 Rxf4 26.Nxe6 Ne3 27.Qb2  1-0

[Event "Balatonbereny op"]
[Site "Balatonbereny"]
[Date "1993.??.??"]
[Round "8"]
[White "Krizsany, Laszlo"]
[Black "Grabics, Monika"]
[Result "1/2-1/2"]
[WhiteElo "2370"]
[BlackElo "2245"]

1.d4 Nf6 2.c4 e6 3.Nc3 Bb4 4.f3 d5 5.a3 Bxc3+ 6.bxc3 c5 7.cxd5 Nxd5 8.dxc5 Qa5
9.e4 Nf6 10.Be3 O-O 11.Qb3 Nfd7 12.Rb1 Qc7 13.Qc4 Na6 14.c6 bxc6 15.f4 Nb6
16.Qb3 Rb8 17.Qc2 c5 18.Bb5 c4 19.Bxa6 Bxa6 20.Nf3 Rfd8 21.O-O Rd3 22.Bd4 Bb7
23.Qe2 Rd8 24.Ne5 R3xd4 25.cxd4 Rxd4 26.Qf2 Rxe4 27.a4 Bd5 28.Rb5 Nxa4 29.Ra1 c3
30.Qc2 h6 31.Nd3 Bc4 32.Rbb1 Nb6 33.Nf2 Re2 34.Qxc3 Qxf4 35.Qf3 Qg5 36.Rc1 Bd5
37.Qg3 Qxg3 38.hxg3 Ba2 39.Rc3 a6 40.Ra3 Bc4 41.Rb1 Nd5 42.Rc1 Bb5 43.Nd1 Re1+
44.Kh2 Kh7 45.Raa1 Nf6 46.Nc3 Rxc1 47.Rxc1 Bc6 48.Ra1 Ng4+ 49.Kg1 Ne3 50.Rxa6 Bxg2
51.Ra7 f6 52.Kf2 Nd5 53.Nb5 Be4 54.Nd4 Bf5 55.Ra6 g5 56.Nxe6 Bxe6 57.Rxe6 Kg6
58.Kf3 Kf5 59.Rd6 g4+ 60.Kf2 Nc3 61.Ke3 Ke5 62.Rd8 Nd5+ 63.Kf2 Ne7 64.Re8 Ke6
65.Ke3 Kf7 66.Rd8 Kg6 67.Re8 Nf5+ 68.Kf4 h5 69.Rd8 Ng7 70.Rd6 Ne8 71.Rd7 Ng7
72.Re7 Nf5 73.Rd7 Nh6 74.Rd8 Nf7 75.Rg8+ Kh7 76.Ra8 Kg6 77.Rg8+ Kh7 78.Ra8 Kg6
79.Rg8+  1/2-1/2

[Event "Oberliga Bayern9394"]
[Site "Bayern"]
[Date "1993.??.??"]
[Round "?"]
[White "Kraeussling, Andreas"]
[Black "Seitz, Michael"]
[Result "1-0"]
[WhiteElo "2270"]
[BlackElo "2270"]

1.d4 Nf6 2.c4 e6 3.Nc3 Bb4 4.f3 c5 5.d5 b5 6.e4 bxc4 7.Bxc4 Nxd5 8.Bxd5 exd5
9.Qxd5 Nc6 10.Ne2 Ba6 11.Kf2 O-O 12.Qg5 f6 13.Qd5+ Kh8 14.Bf4 Qb6 15.Rab1 Ne5
16.Bxe5 fxe5 17.Rhd1 c4+ 18.Kf1 Qe3 19.Qxe5 Bc5 20.Qg3 Rf7 21.f4 Bb7 22.Qxe3 Bxe3
23.g3 g5 24.Kg2 g4 25.Nd5 Bc5 26.Nec3 Re8 27.Re1 d6 28.Rbd1 Bc6 29.Re2 Kg7
30.Kf1 h5 31.f5 Kh6 32.Nf4 Bb4 33.Ncd5 Bxd5 34.Rxd5 c3 35.bxc3 Bc5 36.Ne6 Ba3
37.Rb5 Rc8 38.Rb3 Bc1 39.Kg2 Rd7 40.Rc2 Bg5 41.Rb4 a5 42.Rd4 Rc6 43.c4 Rb7
44.c5 dxc5 45.Rdc4 Be7 46.e5 Rb1 47.Nd4 Rcb6 48.Nb3 Re1 49.e6 Kg5 50.Rf2 Re5
51.Rcf4 Kf6 52.Nd2 Rb4 53.Nc4 Re1 54.h3 Rbb1 55.hxg4 hxg4 56.Rxg4 Rg1+ 57.Kf3 Kxf5
58.Re4 Rbe1 59.Ne3+ Kg5 60.Rd2 Ra1 61.Rd7 Bf8 62.Rf7 Bd6 63.Rg4+  1-0

[Event "Beijing op"]
[Site "Beijing"]
[Date "1993.??.??"]
[Round "7"]
[White "Lin Ta"]
[Black "Ward, Christopher"]
[Result "1-0"]
[WhiteElo "2410"]
[BlackElo "2460"]

1.d4 Nf6 2.c4 e6 3.Nc3 Bb4 4.f3 d5 5.a3 Be7 6.e4 O-O 7.cxd5 exd5 8.e5 Ne8
9.f4 c5 10.dxc5 Bxc5 11.Nf3 Nc7 12.b4 Be7 13.Be3 Nc6 14.Be2 f6 15.b5 Na5
16.b6 Ne6 17.Nxd5 fxe5 18.fxe5 Bd7 19.O-O Bc6 20.Nxe7+ Qxe7 21.Qd6 Qxd6 22.exd6 axb6
23.Ne5 Nc5 24.Rxf8+ Rxf8 25.Bg4 Re8 26.Bf4 Bd5 27.d7 Rf8 28.Bg5 h5 29.Bh3  1-0

[Event "Lvov-Belgrade"]
[Site "Belgrade"]
[Date "1993.??.??"]
[Round "2"]
[White "Ilincic, Zlatko"]
[Black "Romanishin, Oleg M"]
[Result "0-1"]
[WhiteElo "2505"]
[BlackElo "2615"]

1.d4 Nf6 2.c4 e6 3.Nc3 Bb4 4.f3 c5 5.d5 Nh5 6.g3 O-O 7.e4 f5 8.exf5 Bxc3+
9.bxc3 exf5 10.Nh3 d6 11.Be2 Nd7 12.O-O Ne5 13.Qc2 h6 14.Bd2 Bd7 15.Rae1 Qf6
16.Kg2 Rae8 17.Nf2 f4 18.g4 Qh4 19.gxh5 Rf5 20.Ng4 Nxg4 21.fxg4 Rxe2+ 22.Rxe2 f3+
23.Kh1 fxe2 24.Rxf5 Qh3 25.Kg1 Qxg4+ 26.Kf2 Bxf5 27.Qa4 Qxh5  0-1

[Event "Budapest"]
[Site "Budapest"]
[Date "1993.??.??"]
[Round "?"]
[White "Touzane, Olivier"]
[Black "Blasovszky, Istvan"]
[Result "1-0"]
[WhiteElo "2200"]
[BlackElo "2265"]

1.d4 Nf6 2.c4 e6 3.Nc3 Bb4 4.f3 d5 5.a3 Be7 6.e4 c6 7.e5 Nfd7 8.f4 dxc4 9.Bxc4 Nb6
10.Ba2 Nd5 11.Ne4 a5 12.Qg4 g6 13.Nf3 Nd7 14.Qh3 Nf8 15.Qh6 Rg8 16.O-O Qb6
17.Re1 Bd7 18.Bd2 O-O-O 19.b4 a4 20.Rec1 Kb8 21.Rab1 Qa7 22.Nc5 Nc7 23.Be3 Bxc5
24.dxc5 Be8 25.Rd1 Nd5 26.Ng5 Qa6 27.b5 cxb5 28.Ne4 Bc6 29.Nf6 b4 30.Bxd5 Bxd5
31.Nxg8 Qe2 32.Qh3 bxa3 33.c6 b5 34.Bb6 Rc8 35.Rxd5 a2 36.Ra1 exd5 37.Qxc8+ Kxc8
38.Ne7+ Kb8 39.c7+ Kb7 40.c8=Q+ Kxb6 41.Nxd5+  1-0

[Event "Budapest Statistika"]
[Site "Budapest"]
[Date "1993.??.??"]
[Round "2"]
[White "Varga, Peter"]
[Black "Lorincz, Istvan"]
[Result "0-1"]
[WhiteElo "2315"]
[BlackElo "2355"]

1.d4 Nf6 2.c4 e6 3.Nc3 Bb4 4.f3 d5 5.a3 Be7 6.e4 dxe4 7.fxe4 e5 8.d5 Ng4
9.Qf3 Bc5 10.h3 Nf2 11.Rh2 f5 12.Be3 Bxe3 13.Qxe3 Nxe4 14.Nxe4 fxe4 15.O-O-O O-O
16.g4 Nd7 17.Bg2 Nf6 18.Ne2 Bxg4 19.Bxe4 Nxe4 20.hxg4 Qg5 21.Rh3 Qxg4 22.Rg1 Qf5
23.Rh4 Nf2 24.Rg3 b6 25.Ng1 Qf6 26.Nf3 e4 27.Qxf2 exf3 28.Re4 Rf7 29.Rgg4 Raf8
30.Kb1 Re7 31.Ka2 Rxe4 32.Rxe4 Qg6 33.Re7 Qg2 34.Qe3 f2 35.Qe6+ Kh8 36.Rf7 f1=Q  0-1

[Event "Budapest FS12 IM-B"]
[Site "Budapest"]
[Date "1993.??.??"]
[Round "6"]
[White "Pesztericz, Laszlo"]
[Black "Kragelj, Igor"]
[Result "1/2-1/2"]
[WhiteElo "2280"]
[BlackElo "2305"]

1.d4 Nf6 2.c4 e6 3.Nc3 Bb4 4.f3 d5 5.a3 Bxc3+ 6.bxc3 c5 7.e3 O-O 8.cxd5 Nxd5
9.Bd2 cxd4 10.cxd4 f5 11.g3 Nc6 12.Bg2 e5 13.Ne2 exd4 14.exd4 Be6 15.O-O Qf6
16.Rb1 Rf7 17.Qa4 Rd8 18.Ba5 Rd6 19.Rfd1 Qe7 20.Be1 Nb6 21.Qc2 Bc4 22.Rd2 Re6
23.Rxb6 Rxe2 24.Rxe2 Bxe2 25.Rb1 Nxd4 26.Qc8+ Rf8 27.Qxb7  1/2-1/2

[Event "Budapest Statistika"]
[Site "Budapest"]
[Date "1993.??.??"]
[Round "6"]
[White "Varga, Peter"]
[Black "Niklasch, Oliver"]
[Result "1/2-1/2"]
[WhiteElo "2315"]
[BlackElo "2245"]

1.d4 Nf6 2.c4 e6 3.Nc3 Bb4 4.f3 d5 5.a3 Bxc3+ 6.bxc3 c5 7.cxd5 Nxd5 8.Qd3 b6
9.e4 Ba6 10.c4 Nf6 11.dxc5 Qxd3 12.Bxd3 Nbd7 13.Be3 Nxc5 14.Bxc5 bxc5 15.Kd2 O-O-O
16.Kc3 e5 17.Ne2 Kc7 18.Ng3 Rd7 19.Nf5 Rhd8 20.Rhd1 g6 21.Ne3 Rd4 22.Nd5+ Nxd5+
23.cxd5 Bxd3 24.Rxd3 Rb8 25.Ra2 Kd6 26.Kc2 f5 27.Re3 fxe4 28.fxe4 Rf8 29.Kc3 Rf4
30.Rae2 h5 31.g3 Rf1 32.Re1 Rf2 33.R1e2 Rf1 34.Re1  1/2-1/2

[Event "Budapest FS12 IM-A"]
[Site "Budapest"]
[Date "1993.??.??"]
[Round "10"]
[White "Mensch, Etienne"]
[Black "Orso, Miklos"]
[Result "0-1"]
[WhiteElo "2210"]
[BlackElo "2390"]

1.d4 Nf6 2.c4 e6 3.Nc3 Bb4 4.f3 c5 5.d5 Nh5 6.g3 Bxc3+ 7.bxc3 e5 8.e4 d6
9.Nh3 Nd7 10.Nf2 Qa5 11.Qd3 Nb6 12.Be2 Nf6 13.O-O h6 14.Nd1 Bd7 15.f4 Bh3
16.Re1 O-O-O 17.f5 Bg4 18.Bxg4 Nxg4 19.h3 Nf6 20.Ne3 Qa4 21.Kh2 Kc7 22.Rg1 g5
23.fxg6 fxg6 24.Rg2 Rdf8 25.Rb1 Nh7 26.h4 Nf6 27.Rb5 Nh5 28.Rb3 g5 29.Qe2 Nf6
30.Ra3 Qd7 31.Nf5 Nxe4 32.Qxe4 Qxf5 33.Qxf5 Rxf5 34.Rxa7 Nxc4 35.Ra4 Nb6
36.Rg4 Nxd5 37.hxg5 hxg5+ 38.Kg1 Rhf8 39.Bd2  0-1

[Event "Calcutta op"]
[Site "Calcutta"]
[Date "1993.??.??"]
[Round "3"]
[White "Murshed, Niaz"]
[Black "Mithrakanth, Poorna Sharma"]
[Result "1/2-1/2"]
[WhiteElo "2520"]
[BlackElo "2370"]

1.d4 Nf6 2.c4 e6 3.Nc3 Bb4 4.f3 d5 5.a3 Be7 6.e4 dxe4 7.fxe4 e5 8.d5 Bc5
9.Bg5 O-O 10.h3 h6 11.Bh4 Bd4 12.Bd3 Bxc3+ 13.bxc3 Qd6 14.Qf3 Nfd7 15.Ne2 Nc5
16.Bc2 Nbd7 17.Ng3  1/2-1/2

[Event "Cannes op2"]
[Site "Cannes"]
[Date "1993.??.??"]
[Round "?"]
[White "Legky, Nikolay A"]
[Black "Levacic, Damir"]
[Result "1-0"]
[WhiteElo "2510"]
[BlackElo "2385"]

1.d4 Nf6 2.c4 e6 3.Nc3 Bb4 4.f3 c5 5.d5 b5 6.e4 O-O 7.e5 exd5 8.exf6 d4 9.a3 Ba5
10.b4 dxc3 11.bxa5 Qxf6 12.Qd5 b4 13.Bg5 Qe6+ 14.Qxe6 fxe6 15.Be7 Na6 16.Bxf8 Kxf8
17.Bd3 Rb8 18.Ne2 d5 19.Kf2 d4 20.axb4 Nxb4 21.Bxh7 Ba6 22.Rhc1 Bxc4 23.Nxc3 dxc3
24.Rxc3 Ba6 25.Rxc5 Bd3 26.Rh5 g6  1-0

[Event "JUG-chT"]
[Site "Cetinje"]
[Date "1993.??.??"]
[Round "?"]
[White "Stanimirovic, Aleksandar"]
[Black "Savic, Miodrag"]
[Result "0-1"]
[WhiteElo "2320"]
[BlackElo "2215"]

1.d4 Nf6 2.c4 e6 3.Nc3 Bb4 4.f3 d5 5.a3 Bxc3+ 6.bxc3 c5 7.cxd5 exd5 8.Bg5 O-O
9.e3 h6 10.Bh4 Re8 11.Bf2 Qa5 12.Qd2 Nc6 13.Bd3 Bd7 14.Ne2 Rac8 15.Ra2 cxd4
16.cxd4 b5 17.O-O Qxd2 18.Rxd2 Na5 19.Rb1 Nc4 20.Bxc4 Rxc4 21.g4 g5 22.Nc1 Rc3
23.Ra1 Bc6 24.Nd3 Nd7 25.Kf1 Nb6 26.Ke2 Nc4 27.Rda2 a5 28.Ne5 Nxe5 29.dxe5 Rxe5
30.Kd2 Rb3 31.Rc2 Re6 32.Rc3 Rb2+ 33.Rc2 Rxc2+ 34.Kxc2 Rf6 35.f4 gxf4 36.Bh4 Rg6
37.exf4 Rxg4 38.Bg3 h5 39.f5 d4 40.Bc7  0-1

[Event "Mid America Class"]
[Site "Chicago"]
[Date "1993.??.??"]
[Round "5"]
[White "Manion, Josh"]
[Black "Chachere, Lawrence"]
[Result "1/2-1/2"]
[WhiteElo "2295"]
[BlackElo "2225"]

1.d4 Nf6 2.c4 e6 3.Nc3 Bb4 4.f3 d5 5.a3 Bxc3+ 6.bxc3 c5 7.cxd5 exd5 8.e3 O-O
9.Bd3 b6 10.Ne2 Ba6 11.O-O Bxd3 12.Qxd3 Re8 13.Ng3 Nc6 14.a4 Qd7 15.Ba3 c4
16.Qe2 Na5 17.Bc1 h5 18.Qf2 Nb3  1/2-1/2

[Event "Cipolletti"]
[Site "Cipolletti"]
[Date "1993.??.??"]
[Round "5"]
[White "Gamarra Caceres, Carlos"]
[Black "Panno, Oscar"]
[Result "0-1"]
[WhiteElo "2310"]
[BlackElo "2495"]

1.d4 Nf6 2.c4 e6 3.Nc3 Bb4 4.f3 d5 5.a3 Bxc3+ 6.bxc3 c5 7.cxd5 Nxd5 8.dxc5 f5
9.e4 fxe4 10.Qa4+ Nc6 11.Qxe4 O-O 12.Ne2 Qa5 13.Bd2 Qxc5 14.c4 Nf6 15.Qc2 Rd8
16.Qc3 e5 17.Be3 Qe7 18.Bg5 Bf5 19.Ng3 Bg6 20.Ne4 Nxe4 21.Bxe7 Nxc3 22.Bxd8 Rxd8
23.Rc1 Nb1 24.h4 Nxa3 25.h5 Nc2+ 26.Kf2 Rd2+ 27.Kg3 Bf5 28.c5 Ne3 29.Rc3 Nxf1+
30.Rxf1 Kf7 31.Rb3 Bc8 32.Re3 Rc2 33.f4 Rxc5 34.fxe5+ Ke7 35.Kf4 Be6 36.Rff3 Bd5
37.Rg3 Rc4+ 38.Kg5 Nd8 39.e6 Nxe6+  0-1

[Event "Copenhagen OBRO"]
[Site "Copenhagen"]
[Date "1993.??.??"]
[Round "2"]
[White "Roder, Peter"]
[Black "Swierczewski, Marek"]
[Result "0-1"]
[WhiteElo "2190"]
[BlackElo "2220"]

1.d4 Nf6 2.c4 e6 3.Nc3 Bb4 4.f3 d5 5.a3 Bxc3+ 6.bxc3 c5 7.e3 Nc6 8.cxd5 Nxd5
9.Bd2 O-O 10.Bd3 cxd4 11.cxd4 f5 12.Ne2 Qh4+ 13.g3 Qh3 14.Kf2 g5 15.Bc4 Nce7
16.Nc3 Bd7 17.Qb3 Bc6 18.Bf1 Qh6 19.Bg2 f4 20.e4 Nxc3 21.Bxc3 g4 22.Bb4 Rae8
23.Rae1 Rf7 24.fxg4 Qf6 25.Ke2 Bb5+ 26.Kf3 fxg3+ 27.Kxg3 Qf2+ 28.Kh3 Ng6  0-1

[Event "Sommerskak"]
[Site "Copenhagen"]
[Date "1993.??.??"]
[Round "7"]
[White "Kjeldsen, Jens"]
[Black "Taimanov, Mark E"]
[Result "1/2-1/2"]
[WhiteElo "2380"]
[BlackElo "2500"]

1.d4 Nf6 2.c4 e6 3.Nc3 Bb4 4.f3 d5 5.a3 Be7 6.e4 dxe4 7.fxe4 e5 8.d5 a5 9.Nf3 O-O
10.Bd3 Bg4 11.O-O Na6 12.h3 Bxf3 13.Qxf3 Nc5 14.Bc2 a4 15.Be3 Nfd7 16.Rad1 Ra6
17.Kh1 Bd6 18.Rf2 Qe7 19.Rdf1 Nb6 20.Qe2 Raa8 21.Rf5 c6 22.g4 Rac8 23.Bg5 Qc7
24.Be3 Qe7 25.Bg5 Qc7 26.Be3  1/2-1/2

[Event "Gausdal Int"]
[Site "Gausdal"]
[Date "1993.??.??"]
[Round "1"]
[White "Gvein, Kenneth"]
[Black "Eriksson, Anders"]
[Result "0-1"]
[WhiteElo "2140"]
[BlackElo "2355"]

1.d4 Nf6 2.c4 e6 3.Nc3 Bb4 4.f3 d5 5.a3 Bxc3+ 6.bxc3 b6 7.Bg5 Ba6 8.cxd5 exd5
9.Qa4+ Qd7 10.Qxd7+ Nbxd7 11.e3 Bxf1 12.Kxf1 O-O-O 13.a4 Rde8 14.Kf2 Kb7
15.Ne2 Rc8 16.Bxf6 Nxf6 17.Ra2 Ne8 18.Nf4 c6 19.e4 dxe4 20.fxe4 Nd6 21.Re1 f6
22.Rae2 Rhe8 23.e5 fxe5 24.dxe5 Nc4 25.e6 Re7 26.Rd1 Rce8 27.Rd4 Na5 28.Kf3 Nb3
29.Rd7+ Kc8 30.Rxe7 Rxe7 31.Nh5 Kd8 32.Kg4 Nc5 33.Nf4 Nxa4 34.Kf5 Nxc3 35.Rc2 Nb5
36.Ke5 Rc7 37.Nh3 c5 38.Nf4 c4 39.Nd5 Rc5 40.e7+ Kd7 41.Rf2 Nc7  0-1

[Event "Goch op"]
[Site "Goch"]
[Date "1993.??.??"]
[Round "3"]
[White "Thier, Juergen"]
[Black "Thiel, Kuno"]
[Result "0-1"]
[WhiteElo "1935"]
[BlackElo "2320"]

1.d4 Nf6 2.c4 e6 3.Nc3 Bb4 4.f3 c5 5.d5 Bxc3+ 6.bxc3 d6 7.e4 e5 8.Bd3 Nbd7
9.Ne2 h6 10.O-O Qe7 11.Ng3 Nb6 12.Rb1 Bd7 13.f4 O-O-O 14.Qb3 Kb8 15.Qa3 exf4
16.Bxf4 g5 17.Bd2 Ng4 18.Nf5 Bxf5 19.Rxf5 Ne5 20.Rxe5 Qxe5 21.Qb3 Rhf8 22.a4 Rd7
23.a5 Nc8 24.Rf1 Qe7 25.Rf5 Qd8 26.Qa4 Ne7 27.Rf1 Ng6 28.a6 Ne5 29.Rb1 Nxd3
30.Qc6 b6 31.h4 Ne5 32.Qa4 f5 33.exf5 Rxf5 34.Re1 gxh4 35.Bxh6 h3  0-1

[Event "Groningen op"]
[Site "Groningen"]
[Date "1993.??.??"]
[Round "8"]
[White "Vaisser, Anatoli"]
[Black "Hutters, Tomas"]
[Result "1/2-1/2"]
[WhiteElo "2580"]
[BlackElo "2430"]

1.d4 Nf6 2.c4 e6 3.Nc3 Bb4 4.f3 d5 5.a3 Be7 6.e4 dxe4 7.fxe4 e5 8.d5 O-O
9.Nf3 Bg4 10.Bd3 Bc5 11.h3 Bxf3 12.Qxf3 c6 13.Bg5 Nbd7 14.Rc1 Bd4 15.g4 Qb6
16.b4 c5 17.Na4 Qa6 18.Qd1 Qd6 19.Bd2 Rfc8 20.Rf1 b6 21.Nc3 Qe7 22.Qf3 Ne8
23.Nd1  1/2-1/2

[Event "Groningen op"]
[Site "Groningen"]
[Date "1993.??.??"]
[Round "10"]
[White "Vaisser, Anatoli"]
[Black "Kolev, Atanas"]
[Result "1/2-1/2"]
[WhiteElo "2580"]
[BlackElo "2500"]

1.d4 Nf6 2.c4 e6 3.Nc3 Bb4 4.f3 d5 5.a3 Bxc3+ 6.bxc3 c5 7.cxd5 Nxd5 8.dxc5 Qa5
9.e4 Ne7 10.Be3 O-O 11.Qb3 Qc7 12.Nh3 Nec6 13.Nf4 Na5 14.Qa2 Nd7 15.Nd3 b6
16.Bf4 e5 17.Be3 bxc5 18.Be2 Ba6 19.Kf2  1/2-1/2

[Event "Gyula"]
[Site "Gyula"]
[Date "1993.??.??"]
[Round "4"]
[White "Sidorov, Anatoly"]
[Black "Emodi, Gyula"]
[Result "1/2-1/2"]
[WhiteElo "2390"]
[BlackElo "2345"]

1.d4 Nf6 2.c4 e6 3.Nc3 Bb4 4.f3 c5 5.d5 d6 6.e4 e5 7.Ne2 Nbd7 8.Bg5 h6 9.Be3 a6
10.Qd2 b5 11.Ng3 Nb6 12.cxb5 O-O 13.Kf2 Kh7 14.a3  1/2-1/2